| 000 | 02542nam a22002417a 4500 | ||
|---|---|---|---|
| 005 | 20141001083003.0 | ||
| 008 | 140923s1910 ag a|||frb||| 001 0dspa d | ||
| 040 |
_cSandra Yazo _dSandra Yazo |
||
| 041 | 0 | _aspa | |
| 082 | 0 | 4 |
_220 _a012 |
| 092 | _aE32N070 | ||
| 100 | 1 |
_aSalas, Carlos I. _964724 |
|
| 245 | 1 | 0 |
_aBibliografía del general don José de San Martín y de la emancipación sudamericana. _bpublicada bajo los auspicios de la honorable comisión del centenario de la indepenciencia argentina 1778-1910 _cCarlos I. Salas |
| 260 |
_aBuenos Aires (Argentina) _bCompañía Sud-Americana de Billeres de Banco _c1910 |
||
| 300 |
_a517 páginas _c21 x 14 cm. |
||
| 500 | _aDetalles físicos: Encuadernación rígida en cartón forrado en papel. Lomo en tela encolada con adornos en dorado y roturas. Residuos de pegante en tapas y lomo. Tapas con roturas y raspaduras. Guardas en papel impreso. Anteportada. Portada impresa en una sola tinta. Dedicatoria. Letra capital. Texto en una columna. Algunas ilustraciones entre el texto. Cortes pintados. Hojas con dobleces. Ejemplares empiezan a desencuadernarse. V.3, V.4 y V.5 en regular estado de conservación. | ||
| 505 | 1 | _aV.1: Advertencia preliminar; Plan de la obra ; Bosquejo biográfico del general José de San Martín ; Bibliografía A (“Abeja Republicana, la”. Remitido) – C (Cuesta, Juan L. Derrota de San Martín en Chanca Rayada) -- V.2: Ch (Chabaud – Arnault, Ch. Ancien Capitaine de Frégate. La Marine pendant les guerres de l’Independence de l’Amérique du Sud) – L (Luzuriaga, General Toribio de. Documentos históricos y explicaciones sobre los sucesos de la provincia de Cuyo en 1820, de la campaña de Guayaquil y de la del Perú con la expedición libertadora) -- V.3: Ll (Llanos, Américo. Juicio crítico sobre la Atlántida de Diógenes Decoud) – P (Pueyrredón, Manuel Alejandro. General Pueyrredón) -- V.4: Q (Quarterly, Review. Histoire Contemporaine – Mémoires sur la guerre de l’Indépendance dans l’Amérique du sud) – Z (Zuviría, Doctor Fenelón, y Carrasco, Gabriel. San Martín – Discurso pronunciado en la conferencia literaria celebrada en el Rosario en honor de su centenario, por el doctor Fenelón Zuviría y Gabriel Carrasco) -- V.5: Bibliografía poética 1810 – 1910. | |
| 506 | _aConsulta en sala | ||
| 600 | 1 | 0 |
_aSan Martín, José de, _d1778-1850 _xBibliografía _964725 |
| 650 | 7 |
_97720 _aIndependencia _xAmérica |
|
| 690 |
_942842 _aHistoria de América |
||
| 942 |
_2LOCAL _cLIBRO _e1 _hE32N070 |
||
| 999 |
_c297026 _d297026 |
||